00302nam a2200097Ia 4500008004100000040002900041050002300070100001800093245004600111260004700157221216s9999||||xx |||||||||||||| ||und|| cChuka University Library aHF 5495 b.S2 1997 aSaleemi, N.A. 0aStorekeeping and stock control simplified aSaleemi publisherbNairobi | Nairobic1997